ՀՀ Գիտությունների ազգային ակադեմիայի հիմնարար գիտական գրադարան  =   Fundamental Scientific Library of NAS RA

Задачи землеустроительных органов в реализации продовольственной программы СССР : (Record no. 204393)

MARC details
000 -LEADER
fixed length control field 02134nam a2200277 u 4500
001 - CONTROL NUMBER
control field 000611119
003 - CONTROL NUMBER IDENTIFIER
control field AM-YeHGA
005 - DATE AND TIME OF LATEST TRANSACTION
control field 20250617135635.0
008 - FIXED-LENGTH DATA ELEMENTS--GENERAL INFORMATION
fixed length control field 081110s1984 ai | |||||||||||||rus|d
040 ## - CATALOGING SOURCE
Original cataloging agency AM-YeHGA
041 0# - LANGUAGE CODE
Language code of text/sound track or separate title rus
090 ## - LOCALLY ASSIGNED LC-TYPE CALL NUMBER (OCLC); LOCAL CALL NUMBER (RLIN)
-- 205888
245 00 - TITLE STATEMENT
Title Задачи землеустроительных органов в реализации продовольственной программы СССР :
Remainder of title (Тезисы докладов на Всесоюзной научно-производственной конференции 29-31 мая 1984 года) /
Statement of responsibility, etc. МСХ СССР; Глав. упр. землепользования и землеустр.; Гос. НИИ земельных ресурсов; МИИЗ; Всесоюзный ин-т с.х. аэрофотогеодезических изысканий; Выставка достижений нар. хоз.-ва СССР; Центральное правл. НТО с.х.; Под ред. Е.И. Гайдамаки.
260 ## - PUBLICATION, DISTRIBUTION, ETC.
Place of publication, distribution, etc. М. :
Name of publisher, distributor, etc. Б. и.,
Date of publication, distribution, etc. 1984.
300 ## - PHYSICAL DESCRIPTION
Extent 318 с. :
Other physical details табл., ил. ;
Dimensions 22 см.
650 14 - SUBJECT ADDED ENTRY--TOPICAL TERM
Topical term or geographic name entry element Учение о сельскохозяйственном производстве
700 1# - ADDED ENTRY--PERSONAL NAME
Personal name Гайдамака, Е.И.
Relator term ред.
Relationship edt
710 2# - ADDED ENTRY--CORPORATE NAME
Corporate name or jurisdiction name as entry element Министерство сельского хозяйства СССР
710 2# - ADDED ENTRY--CORPORATE NAME
Corporate name or jurisdiction name as entry element Главное управление землепользования и землеустройства
710 2# - ADDED ENTRY--CORPORATE NAME
Corporate name or jurisdiction name as entry element Государственный НИИ земельных ресурсов
710 2# - ADDED ENTRY--CORPORATE NAME
Corporate name or jurisdiction name as entry element Московский институт инженеров землеустройства
710 2# - ADDED ENTRY--CORPORATE NAME
Corporate name or jurisdiction name as entry element Всесоюзный институт сельскохозяйственных аэрофотогеодезических изысканий
710 2# - ADDED ENTRY--CORPORATE NAME
Corporate name or jurisdiction name as entry element Выставка достижений народного хозяйства СССР
710 2# - ADDED ENTRY--CORPORATE NAME
Corporate name or jurisdiction name as entry element Центральное правление НТО сельского хозяйства
711 2# - ADDED ENTRY--MEETING NAME
Meeting name or jurisdiction name as entry element Всесоюзная научно-производственная конференция
Date of meeting or treaty signing (1984 :
Location of meeting Москва)
Holdings
Withdrawn status Lost status Damaged status Not for loan Collection Home library Current library Date acquired Total checkouts Full call number Barcode Date last seen Price effective from Koha item type Public note
        General Fundamental Scientific Library Fundamental Scientific Library 29/12/2016   PII/518515 FL0199832 29/12/2016 29/12/2016 Գրքեր / Books 30 Days Loan


ՀՀ ԳԱԱ հիմնարար գիտական գրադարան
ՀՀ,Երևան 0019
Մարշալ Բաղրամյան 24/6
հեռախոս:(374-10) 52-47-50
Հետադարձ կապ

All site content, except where otherwise noted, is licensed under a
Creative Commons License